[Event "UKR-chT 9th"]
[Site "Alushta"]
[Date "2001.04.??"]
[Round "2"]
[White "Nosenko, Alexander"]
[Black "Semerij, Yurij"]
[Result "1-0"]
[WhiteElo "2471"]
[BlackElo "2228"]
[PlyCount "163"]
[EventDate "2001.04.06"]
[EventType "team-tourn"]
[EventRounds "9"]
[EventCountry "UKR"]
[SourceTitle "EXT 2019"]
[Source "ChessBase"]
[SourceDate "2018.10.10"]
[SourceVersion "1"]
[SourceVersionDate "2018.10.10"]
[SourceQuality "1"]
[WhiteTeam "Pavlograd Tura"]
[BlackTeam "Kharkov Geleon"]
[WhiteTeamCountry "UKR"]
[BlackTeamCountry "UKR"]

1. d4 Nf6 2. Nf3 e6 3. c4 b6 4. Nc3 Bb4 5. Bg5 h6 6. Bh4 Bb7 7. Nd2 Be7 8. Bg3 c5 9. dxc5 bxc5 10. e4 d6 11. Bd3 Nc6 12. 0-0 Nd7 13. f4 0-0 14. Nf3 Nd4 15. Qd2 Qb6 16. Rae1 Rfb8 17. b3 Bc6 18. Nxd4 cxd4 19. Nd5 Qd8 20. Nxe7+ Qxe7 21. e5 dxe5 22. fxe5 Rd8 23. Bb1 Nf8 24. Qd3 Rd7 25. h4 a5 26. Rf4 Qc5 27. h5 a4 28. Bf2 Rad8 29. Rg4 f5 30. exf6 Qxh5 31. Rxg7+ Rxg7 32. fxg7 Kxg7 33. Bxd4+ Kg8 34. Qg3+ Qg5 35. Qxg5+ hxg5 36. Bc3 axb3 37. axb3 Ra8 38. Re5 Kf7 39. Rxg5 Ra3 40. Bc2 Ra2 41. Rg7+ Ke8 42. Bd1 Nd7 43. b4 Ra3 44. Rg3 Nb6 45. b5 Be4 46. Bh5+ Kd7 47. c5 Nd5 48. c6+ Kc8 49. Rg8+ Kc7 50. Be5+ Kb6 51. Rb8+ Kc5 52. c7 Nxc7 53. Bxc7 Ra1+ 54. Kf2 Ra2+ 55. Ke3 Bxg2 56. b6 Rb2 57. Re8 Bd5 58. Be2 Rb4 59. Rg8 Rb3+ 60. Kf2 Rb2 61. Rg3 Kc6 62. Rc3+ Kb7 63. Ke3 Rb1 64. Bd8 Rh1 65. Bc7 Rh4 66. Kf2 Rb4 67. Bf3 Rb5 68. Ke3 Rb1 69. Bxd5+ exd5 70. Kd4 Rd1+ 71. Rd3 Ra1 72. Kxd5 Ra2 73. Rb3 Ra5+ 74. Kc4 Rh5 75. Bd6 Kc6 76. Bg3 Rg5 77. Bf2 Rg4+ 78. Bd4 Kb7 79. Rh3 Rg5 80. Rh7+ Kc6 81. Rc7+ Kd6 82. Rc5 1-0

[Event "UKR-chT 9th"]
[Site "Alushta"]
[Date "2001.04.??"]
[Round "3"]
[White "Semerij, Yurij"]
[Black "Truskavetsky, Alexandr"]
[Result "1/2-1/2"]
[WhiteElo "2228"]
[BlackElo "2243"]
[PlyCount "120"]
[EventDate "2001.04.06"]
[EventType "team-tourn"]
[EventRounds "9"]
[EventCountry "UKR"]
[SourceTitle "EXT 2019"]
[Source "ChessBase"]
[SourceDate "2018.10.10"]
[SourceVersion "1"]
[SourceVersionDate "2018.10.10"]
[SourceQuality "1"]
[WhiteTeam "Kharkov Geleon"]
[BlackTeam "Simferopol Blik"]
[WhiteTeamCountry "UKR"]
[BlackTeamCountry "UKR"]

1. e4 c5 2. d4 cxd4 3. c3 d3 4. Bxd3 d6 5. Nf3 g6 6. h3 Bg7 7. 0-0 Nf6 8. Qe2 0-0 9. Bf4 Nc6 10. Nbd2 Be6 11. Rfd1 Rc8 12. Nb3 a6 13. Qe3 Re8 14. Bh6 Bh8 15. Ng5 Bd7 16. f4 Qc7 17. Rf1 b5 18. Kh1 Qa7 19. Qf3 b4 20. Rae1 e5 21. Bc4 Nd8 22. Qd3 bxc3 23. Bxa6 Ra8 24. Bc4 cxb2 25. Qxd6 Nh5 26. f5 Ng3+ 27. Kh2 Nxf1+ 28. Rxf1 gxf5 29. Nc5 Be6 30. Ncxe6 Nxe6 31. Nxe6 fxe6 32. exf5 Bg7 33. fxe6 Bxh6 34. e7+ Kh8 35. Qxh6 Qxe7 36. Rf7 Qxf7 37. Bxf7 Rg8 38. Bxg8 b1Q 39. Qf6+ Kxg8 40. Qe6+ Kf8 41. Qd6+ Kg7 42. Qxe5+ Kh6 43. Qf4+ Kg7 44. Qc7+ Kf8 45. Qc5+ Kg7 46. Qc3+ Kg8 47. Qc4+ Kg7 48. Qd4+ Kh6 49. Qe3+ Kg7 50. Qd4+ Kh6 51. Qd2+ Kg7 52. Qc3+ Kg8 53. Qc4+ Kg7 54. Qc7+ Kf8 55. Qd6+ Kg7 56. Qd7+ Kf8 57. Qd6+ Kg7 58. Qe5+ Kh6 59. Qf4+ Kg7 60. Qc7+ Kf8 1/2-1/2

[Event "Kharkov Caissa CC"]
[Site "Kharkov"]
[Date "2000.05.30"]
[Round "3"]
[White "Kovalenko, Sergey D"]
[Black "Semerij, Yurij"]
[Result "0-1"]
[WhiteElo "2277"]
[BlackElo "2240"]
[PlyCount "69"]
[EventDate "2000.04.28"]
[EventType "tourn"]
[EventRounds "12"]
[EventCountry "UKR"]
[EventCategory "4"]
[SourceTitle "EXT 2001"]
[Source "ChessBase"]
[SourceDate "2000.11.22"]
[SourceVersion "1"]
[SourceVersionDate "2000.11.22"]
[SourceQuality "1"]

1. d4 Nf6 2. Nf3 g6 3. g3 Bg7 4. Bg2 c5 5. d5 d6 6. 0-0 b5 7. c4 Bb7 8. a4 bxc4 9. Nc3 Nbd7 10. Nd2 Ba6 11. f4 Ng4 12. Nf3 Qb6 13. h3 Nh6 14. e4 Rb8 15. Ra3 Qa5 16. Re1 0-0 17. g4 f6 18. e5 dxe5 19. fxe5 Nxe5 20. Nxe5 fxe5 21. d6 exd6 22. Qxd6 Nf7 23. Bd5 Rbd8 24. Qe6 Bc8 25. Qc6 Kh8 26. Bxc4 Nd6 27. Bb5 Qb4 28. Rd1 Bb7 29. Qc7 Nxb5 30. Qxd8 Nxc3 31. Rxc3 Qe4 32. Qxf8+ Bxf8 33. Kf2 Qg2+ 34. Ke1 Ba6 35. Re3 0-1

[Event "Kharkov Region-ch 9900"]
[Site "Kharkov"]
[Date "1999.??.??"]
[Round "?"]
[White "Neverov, Valeriy"]
[Black "Semerij, Yurij"]
[Result "1-0"]
[WhiteElo "2528"]
[BlackElo "2235"]
[PlyCount "109"]
[EventDate "1999.??.??"]
[EventType "tourn"]
[EventRounds "11"]
[EventCountry "UKR"]
[EventCategory "7"]
[SourceTitle "EXT 2006"]
[Source "ChessBase"]
[SourceDate "2005.11.24"]
[SourceVersion "1"]
[SourceVersionDate "2005.11.24"]
[SourceQuality "1"]

1. d4 d5 2. c4 e6 3. Nc3 c5 4. e3 Nf6 5. Nf3 Nc6 6. cxd5 exd5 7. Be2 a6 8. 0-0 Bd6 9. dxc5 Bxc5 10. b3 d4 11. Na4 Ba7 12. exd4 b5 13. Nc5 Nxd4 14. Ba3 Nc6 15. Qxd8+ Nxd8 16. Ne5 Rb8 17. Rac1 0-0 18. Bf3 b4 19. Bb2 Rb5 20. Ne4 Nxe4 21. Rxc8 Nxf2 22. Rxf2 Ra5 23. Rcc2 Re8 24. Kf1 Bxf2 25. Kxf2 Raxe5 26. Bxe5 Rxe5 27. Rc8 Re8 28. Rb8 a5 29. Ra8 Kf8 30. Rxa5 Re6 31. Ra4 Rb6 32. Ke3 Ne6 33. Ra8+ Ke7 34. Kd3 Rd6+ 35. Kc4 Rd4+ 36. Kb5 Rh4 37. Ra7+ Kf6 38. Bd5 Rh5 39. Kc4 Rh4+ 40. Kb5 Rh5 41. Rd7 Nc7+ 42. Rxc7 Rxd5+ 43. Kxb4 Rd2 44. a4 Rxg2 45. a5 Rxh2 46. Ka3 Rh1 47. Kb2 Ke5 48. a6 Rh2+ 49. Rc2 Rh6 50. Rc5+ Kf4 51. Ra5 Rxa6 52. Rxa6 h5 53. b4 h4 54. b5 Ke5 55. Rc6 1-0

[Event "Kharkov Region-ch 9900"]
[Site "Kharkov"]
[Date "1999.??.??"]
[Round "?"]
[White "Semerij, Yurij"]
[Black "Simantsev, Mikhail"]
[Result "1/2-1/2"]
[WhiteElo "2235"]
[BlackElo "2409"]
[PlyCount "120"]
[EventDate "1999.??.??"]
[EventType "tourn"]
[EventRounds "11"]
[EventCountry "UKR"]
[EventCategory "7"]
[SourceTitle "EXT 2006"]
[Source "ChessBase"]
[SourceDate "2005.11.24"]
[SourceVersion "1"]
[SourceVersionDate "2005.11.24"]
[SourceQuality "1"]

1. e4 c5 2. d4 cxd4 3. c3 Nf6 4. e5 Nd5 5. Nf3 Nc6 6. Bc4 Nb6 7. Bb5 a6 8. Bxc6 dxc6 9. cxd4 Bg4 10. Nc3 e6 11. Be3 Bb4 12. Qb3 a5 13. a3 Qd5 14. Qxb4 axb4 15. Nxd5 cxd5 16. Nd2 Kd7 17. 0-0 bxa3 18. bxa3 Bf5 19. Nb3 Nc4 20. a4 b6 21. Ra2 Ra7 22. Bf4 Rha8 23. Rfa1 Bd3 24. h4 h5 25. Kh2 Ke7 26. f3 f6 27. g4 Bg6 28. Kg3 Be8 29. gxh5 Rxa4 30. Rxa4 Rxa4 31. Rxa4 Bxa4 32. Nd2 Na3 33. h6 gxh6 34. Bxh6 Nc2 35. Bg7 f5 36. Bf6+ Kf7 37. Nb1 Nxd4 38. Nc3 Be8 39. Kf2 Kg6 40. Ne2 Nxe2 41. Kxe2 f4 42. Bd8 Kf5 43. Bxb6 Kxe5 44. Kf2 Kf5 45. Bc7 e5 46. Bd6 Bh5 47. Bc7 e4 48. fxe4+ dxe4 49. Bb6 Kg4 50. Ba5 e3+ 51. Ke2 Kg3+ 52. Kd3 Bg6+ 53. Ke2 Bh5+ 54. Kd3 Kxh4 55. Bb6 Bg6+ 56. Ke2 Bh5+ 57. Kd3 e2 58. Bf2+ Kh3 59. Kd2 Kg2 60. Ke1 Kh3 1/2-1/2

[Event "UKR-ch op"]
[Site "Alushta"]
[Date "1998.??.??"]
[Round "?"]
[White "Kosikov, Alexey I"]
[Black "Semerij, Yurij"]
[Result "1-0"]
[WhiteElo "2445"]
[BlackElo "2215"]
[PlyCount "87"]
[EventDate "1998.??.??"]
[EventType "swiss"]
[EventRounds "9"]
[EventCountry "UKR"]
[SourceTitle "EXT 2002"]
[Source "ChessBase"]
[SourceDate "2001.11.25"]
[SourceVersion "1"]
[SourceVersionDate "2001.11.25"]
[SourceQuality "1"]

1. e4 d5 2. exd5 Nf6 3. d4 Nxd5 4. c4 Nb6 5. Nc3 e5 6. Qe2 Qxd4 7. Nf3 Qd8 8. Qxe5+ Qe7 9. Qxe7+ Bxe7 10. Nb5 Na6 11. Bf4 Be6 12. 0-0-0 Nxc4 13. Nbd4 Bd6 14. Nxe6 fxe6 15. Bxd6 Nxd6 16. Bxa6 bxa6 17. Rhe1 Kd7 18. Ne5+ Ke7 19. Nd3 Rhf8 20. Re2 Rf6 21. Nb4 Rh6 22. h3 Rh4 23. Nxa6 Ra4 24. Rxe6+ Kxe6 25. Nc5+ Ke5 26. Nxa4 Rf8 27. Nc5 Rf5 28. Rd2 h5 29. h4 Kf6 30. Rc2 g5 31. hxg5+ Rxg5 32. g3 Rf5 33. Nd3 Rf3 34. Kd2 Nb5 35. Rc6+ Kg5 36. a4 Nd4 37. Rc5+ Kh6 38. Kc3 Ne2+ 39. Kc4 Rf7 40. Re5 Ng1 41. Nf4 Rxf4+ 42. gxf4 h4 43. Re1 Nf3 44. Rh1 1-0

[Event "Pardubice KB op"]
[Site "Pardubice"]
[Date "1996.??.??"]
[Round "4"]
[White "Mrva, Martin"]
[Black "Semerij, Yurij"]
[Result "1-0"]
[WhiteElo "2410"]
[BlackElo "2205"]
[PlyCount "73"]
[EventDate "1996.07.??"]
[EventType "swiss"]
[EventRounds "9"]
[EventCountry "CZE"]
[SourceTitle "CBM 055 Extra"]
[Source "ChessBase"]
[SourceDate "1997.01.01"]
[SourceVersion "1"]
[SourceVersionDate "1997.01.01"]
[SourceQuality "1"]

1. e4 c6 2. Nc3 d5 3. Nf3 Bg4 4. h3 Bxf3 5. Qxf3 Nf6 6. d3 e6 7. g4 h6 8. Bg2 Nbd7 9. Qg3 dxe4 10. dxe4 e5 11. 0-0 Bd6 12. Re1 Qe7 13. Nd1 Bc7 14. b3 Nf8 15. Ne3 Ne6 16. a4 0-0-0 17. Ba3 Qe8 18. h4 g6 19. b4 Nf4 20. Qf3 Qe6 21. Bb2 Bb6 22. Bf1 Bd4 23. Bc4 Qe7 24. Bxd4 Rxd4 25. c3 Rd2 26. a5 Rhd8 27. a6 b6 28. Bf1 Kb8 29. Nc4 R2d7 30. Qg3 Qe6 31. f3 Nd3 32. Bxd3 Rxd3 33. Nxe5 Qd6 34. Nxc6+ Ka8 35. Qxd6 R8xd6 36. Nd4 Rxc3 37. Nb5 1-0

[Event "Decin op"]
[Site "Decin"]
[Date "1996.??.??"]
[Round "2"]
[White "Semerij, Yurij"]
[Black "Kachur, Alexander"]
[Result "1/2-1/2"]
[WhiteElo "2205"]
[BlackElo "2290"]
[PlyCount "81"]
[EventDate "1996.??.??"]
[EventType "swiss"]
[EventRounds "9"]
[EventCountry "CZE"]
[SourceTitle "CBM 053 Extra"]
[Source "ChessBase"]
[SourceDate "1996.09.01"]
[SourceVersion "1"]
[SourceVersionDate "1996.09.01"]
[SourceQuality "1"]

1. e4 c5 2. c3 Nf6 3. e5 Nd5 4. d4 cxd4 5. Nf3 e6 6. cxd4 d6 7. Bc4 Nc6 8. 0-0 Be7 9. Qe2 b6 10. Qe4 0-0 11. Bd3 g6 12. Bh6 Re8 13. a3 Bb7 14. Nbd2 Rc8 15. Rad1 Rc7 16. Rfe1 dxe5 17. dxe5 Ncb4 18. Bb5 Nc2 19. Qa4 Nxe1 20. Rxe1 Rc8 21. Bd7 a6 22. Bxc8 Qxc8 23. h4 b5 24. Qg4 Nb6 25. Ne4 Bxe4 26. Qxe4 Nd5 27. Rc1 Qb7 28. Qc2 Qb6 29. h5 Qb8 30. Qc6 a5 31. Qa6 a4 32. Qc6 b4 33. axb4 Nxb4 34. Qxa4 Rd8 35. b3 gxh5 36. Rc4 Kh8 37. Kh2 Kg8 38. Qa1 Kh8 39. Qb1 Rg8 40. g3 h4 41. gxh4 1/2-1/2

[Event "Decin op"]
[Site "Decin"]
[Date "1996.??.??"]
[Round "8"]
[White "Semerij, Yurij"]
[Black "Pletanek, Jan"]
[Result "1-0"]
[WhiteElo "2205"]
[BlackElo "2270"]
[PlyCount "77"]
[EventDate "1996.??.??"]
[EventType "swiss"]
[EventRounds "9"]
[EventCountry "CZE"]
[SourceTitle "CBM 053 Extra"]
[Source "ChessBase"]
[SourceDate "1996.09.01"]
[SourceVersion "1"]
[SourceVersionDate "1996.09.01"]
[SourceQuality "1"]

1. e4 e5 2. Nf3 Nf6 3. Nc3 Nc6 4. d4 exd4 5. Nxd4 Bb4 6. Nxc6 bxc6 7. Bd3 d5 8. exd5 cxd5 9. 0-0 0-0 10. Bg5 c6 11. Na4 Be7 12. c3 Qd6 13. Re1 Ng4 14. Rxe7 Qxh2+ 15. Kf1 Qh1+ 16. Ke2 Qh5 17. Qh1 Nh2+ 18. f3 Qxg5 19. Bxh7+ Kxh7 20. Qxh2+ Kg8 21. Re5 Ba6+ 22. Kd1 f5 23. Nc5 Rae8 24. Nxa6 Rxe5 25. Qxe5 Qxg2 26. Qe2 Qh1+ 27. Qe1 Qxf3+ 28. Kd2 Qf4+ 29. Qe3 Qh2+ 30. Qe2 Qf4+ 31. Kc2 Qe4+ 32. Qd3 f4 33. Rg1 f3 34. Qxe4 dxe4 35. Kd2 Rd8+ 36. Ke3 Rd3+ 37. Kxe4 Rd2 38. Kxf3 Rxb2 39. Rg2 1-0